Statistics for Biggest Cities in United Kingdom A-Z

Click here to take the quiz!

General Stats

  • This quiz has been taken 204 times
  • The average score is 13 of 25

Answer Stats

PopulationLetterCity% Correct
11,203,500LLondon
98%
2,653,200MManchester
97%
3,202,800BBirmingham
95%
677,700CCardiff
92%
665,600EEdinburgh
91%
1,086,200GGlasgow
90%
1,147,200NNewcastle
83%
188,300AAberdeen
83%
1,104,900SSheffield
80%
126,200YYork
72%
227,900DDerby
69%
131,400IIpswich
63%
121,700OOxford
58%
249,900PPlymouth
54%
309,100KKingston upon Hull
50%
227,500RReading
36%
143,500HHuddersfield
26%
115,650WWigan
10%
135,825TTelford
8%
91,236QQueensferry
7%
248,903FFarnborough
6%
658ZZeals
4%
14,301JJohnstone
2%
23,740UUckfield
1%
13,630VVerwood
1%

Score Distribution

Percentile by Number Answered

Percent of People with Each Score

Your Score History

You have not taken this quiz